Paesi in cui si trovano le Foche - Statistics

Statistiche generali
  • Questo quiz è stato fatto 19 volte
  • Il punteggio medio è 33 su 40
Statistiche sulle risposte
Hint Risposta % Corretto
Portogallo
100%
Regno Unito
100%
Sud America Argentina
95%
Oceania Australia
95%
Brasile
95%
Nord America Canada
95%
Francia
95%
Messico
95%
Norvegia
95%
Nuova Zelanda
95%
Russia
95%
Spagna
95%
Stati Uniti
95%
Cile
89%
Cina
89%
Danimarca
89%
Estonia
89%
Finlandia
89%
Germania
89%
Giappone
89%
Islanda
89%
Italia
89%
Lettonia
89%
Paesi Bassi
89%
Svezia
89%
Uruguay
89%
Europa Belgio
84%
Irlanda
84%
Lituania
84%
Corea del Sud
79%
Polonia
79%
Africa Algeria
68%
Corea del Nord
68%
Marocco
68%
Tunisia
68%
Iran
53%
Kazakistan
53%
Mauritania
53%
Turkmenistan
47%
Asia Azerbaigian
37%
Nessun quiz corrispondente trovato
Distribuzione punteggi
Percentuale di utenti per punteggio
Percentile per numero di risposta
I tuoi punteggi nel tempo
Non hai fatto questo quiz